El último tránsito de Vénus por el disco del sol en el siglo XIX / (Record no. 172372)

MARC details
000 -LEADER
campo de control de longitud fija 00588nam a22001815i 4500
001 - NÚMERO DE CONTROL
campo de control 172372
003 - IDENTIFICADOR DE NÚMERO DE CONTROL
campo de control ES-MaACL
005 - FECHA Y HORA DE LA ÚLTIMA TRANSACCIÓN
campo de control 20250818042933.0
008 - DATOS DE LONGITUD FIJA--INFORMACIÓN GENERAL
campo de control de longitud fija 090629s1883 sp a |||| | spa d
040 ## - FUENTE DE CATALOGACIÓN
Centro catalogador/agencia de origen CAM
Lengua de catalogación spa
Centro/agencia transcriptor CAM
100 1# - ENTRADA PRINCIPAL--NOMBRE DE PERSONA
Nombre de persona Monti, José Genaro.
9 (RLIN) 130111
245 13 - MENCIÓN DEL TÍTULO
Título El último tránsito de Vénus por el disco del sol en el siglo XIX /
Mención de responsabilidad, etc. por José Genaro Monti.
260 ## - PUBLICACIÓN, DISTRIBUCIÓN, ETC.
Lugar de publicación, distribución, etc. Madrid :
Nombre del editor, distribuidor, etc. [s.n.],
Fecha de publicación, distribución, etc. 1883 (
Fabricante Imp. de Enrique Teodoro)
300 ## - DESCRIPCIÓN FÍSICA
Extensión 216 p. :
Otras características físicas il. ;
Dimensiones 20 cm.
651 #7 - PUNTO DE ACCESO ADICIONAL DE MATERIA--NOMBRE GEOGRÁFICO
Nombre geográfico Venus (Planeta)
Fuente del encabezamiento o término
9 (RLIN) 140884
852 ## - LOCALIZACIÓN
Ubicación ES-MaACL
Número de control de estantería T-574-F-2
Holdings
Estatus retirado Estado de pérdida Estado de daño No para préstamo Colección Biblioteca de origen Biblioteca actual Ubicación en estantería Fecha de adquisición Fuente de adquisición Total de préstamos Signatura topográfica completa Código de barras Visto por última vez Precio de reemplazo Tipo de ítem Koha
        Colección de folletos Biblioteca del Ateneo de Madrid Biblioteca del Ateneo de Madrid Depósito folletos 29/06/2009     T-574-F-2 1180891 23/02/2023 23/02/2023 Folleto